|
|
|
|
| LEADER |
01454nam a22003377a 4500 |
| 001 |
32541 |
| 003 |
BD-DhAAL |
| 005 |
20250626094434.0 |
| 008 |
180410t2011 bg a||| |b||| 00| 0 eng d |
| 040 |
|
|
|a BD-DhAAL
|
| 082 |
|
|
|a 305.4095492
|2 23
|
| 100 |
|
|
|a Nazneen, Sohela.
|9 25452
|
| 245 |
|
|
|a National discourses on women's empowerment in Bangladesh :
|b continuities and change /
|n Working paper no. 03,
|c Sohela Nazneen, Naomi Hossain and Maheen Sultan.
|
| 260 |
|
|
|a Dhaka :
|b BRAC Development Institute (BDI),
|c c2011.
|
| 300 |
|
|
|a vi, 48 pages :
|b illustrations ;
|c 24 cm.
|
| 490 |
|
|
|a BDI working paper,
|x 2223-0114
|v no. 3/2011
|
| 504 |
|
|
|6 Includes bibliographical references (pages 42-46).
|
| 526 |
|
|
|a AAL
|
| 541 |
|
|
|a Complementary copy
|e 32541
|
| 650 |
|
|
|a Women
|z Bangladesh
|x Social conditions.
|9 25455
|
| 650 |
|
|
|a Women's rights
|z Bangladesh.
|9 25456
|
| 650 |
|
|
|a Women
|x Legal status, laws, etc.
|z Bangladesh.
|9 25457
|
| 650 |
|
|
|a Feminism
|z Bangladesh.
|9 29817
|
| 700 |
|
|
|a Hossain, Naomi
|9 25453
|
| 700 |
|
|
|a Sultan, Maheen.
|9 25454
|
| 710 |
|
|
|a BRAC Development Institute.
|b BRAC University.
|9 25473
|
| 710 |
|
|
|a Pathways of Women's Empowerment Programme.
|9 25474
|
| 852 |
|
|
|a Ayesha Abed Library
|c General stacks
|
| 942 |
|
|
|2 ddc
|c BK
|
| 999 |
|
|
|c 39240
|d 39240
|
| 952 |
|
|
|0 0
|1 0
|2 ddc
|4 0
|6 305_409549200000000_NAZ
|7 0
|9 63075
|a BRACUL
|b BRACUL
|c GEN
|d 2018-04-10
|e Complementary copy
|l 0
|o 305.4095492 NAZ
|p 3010032541
|r 2018-04-10
|t 1
|w 2018-04-10
|y BK
|